Practical measuring made easy, by a new set of tables (Record no. 113890)
[ view plain ]
| 000 -LEADER | |
|---|---|
| fixed length control field | 00756cam a22001815a 4500 |
| 001 - CONTROL NUMBER | |
| control field | L155877 |
| 008 - FIXED-LENGTH DATA ELEMENTS--GENERAL INFORMATION | |
| fixed length control field | 120418s1846 xxk f 000 0 eng d |
| 035 ## - SYSTEM CONTROL NUMBER | |
| System control number | (Sirsi) u155877 |
| 041 0# - LANGUAGE CODE | |
| Language code of text/sound track or separate title | eng |
| 100 1# - MAIN ENTRY--PERSONAL NAME | |
| Personal name | Hoppus, E. |
| Fuller form of name | (Edward) |
| Dates associated with a name | d. 1739 |
| 245 00 - TITLE STATEMENT | |
| Title | Practical measuring made easy, by a new set of tables |
| Remainder of title | Which show at sight, the solid or superficial content (and consequently the value) of any piece or quantity of squared or round timber ... With a copious introductory explanation of the several tables ... |
| 260 ## - PUBLICATION, DISTRIBUTION, ETC. | |
| Place of publication, distribution, etc. | Derby |
| Name of publisher, distributor, etc. | Henry Mozley and Sons |
| Date of publication, distribution, etc. | 1846 |
| 300 ## - PHYSICAL DESCRIPTION | |
| Extent | lvi, 235 p. |
| Other physical details | front |
| Dimensions | 22 x 10 cm. |
| 583 ## - ACTION NOTE | |
| Action | Condition reviewed |
| Time/date of action | 20120620 |
| Status | condition level 1 |
| 651 #4 - SUBJECT ADDED ENTRY--GEOGRAPHIC NAME | |
| Geographic name | Great Britain |
| Chronological subdivision | 1707- |
| 690 ## - LOCAL SUBJECT ADDED ENTRY--TOPICAL TERM (OCLC, RLIN) | |
| Topical term or geographic name as entry element | Measurement |
| 9 (RLIN) | 6256 |
| 942 ## - ADDED ENTRY ELEMENTS (KOHA) | |
| Suppress in OPAC | 0 |
| Withdrawn status | Lost status | Source of classification or shelving scheme | Damaged status | Not for loan | Home library | Current library | Shelving location | Date acquired | Total Checkouts | Full call number | Barcode | Date last seen | Copy number | Price effective from | Koha item type |
|---|---|---|---|---|---|---|---|---|---|---|---|---|---|---|---|
| Dewey Decimal Classification | Historic collection | Historic collection | Historic collection | 18/04/2012 | OCTAVO 1846 HOPPUS | 30076767 | 06/08/2019 | 1 | 06/08/2019 | Book |